000 00436nam a2200157Ia 4500
005 20250703012821.0
008 240331s9999 xx 000 0 und d
020 _a9555920079
082 _bSRI
_a658
245 0 _aSahabagithwa puhunu athpotha
260 _aColombo
_bSri Lanka Foundation Institute
_c1994
300 _a232 p .,
500 _aA book on Participant's Manual
700 _aSri Lanka Foundation Institute
_eedt
942 _cL
999 _c5014
_d5014